पसरी हुई हथेलियों का शहर / (Record no. 200466)

MARC details
000 -LEADER
fixed length control field 01062nam a22001937a 4500
005 - DATE AND TIME OF LATEST TRANSACTION
control field 20240213143006.0
010 ## - LCCN (DPL NO)
LC control number B-757482-484
020 ## - INTERNATIONAL STANDARD BOOK NUMBER
Terms of availability 350.000
International Standard Book Number 9789395226486
035 ## - SYSTEM CONTROL NUMBER
System control number B-757482-484
037 ## - SOURCE OF ACQUISITION
Source of stock number/acquisition अद्वेत प्रकाशन
082 ## - DEWEY DECIMAL CLASSIFICATION NUMBER
Classification number 821
100 ## - MAIN ENTRY--PERSONAL NAME
Personal name नीरद, जयसिंह
245 ## - TITLE STATEMENT
Title पसरी हुई हथेलियों का शहर /
Statement of responsibility, etc जयसिंह नीरद
260 ## - PUBLICATION, DISTRIBUTION, ETC. (IMPRINT)
Place of publication, distribution, etc दिल्ली
Name of publisher, distributor, etc अद्वेत प्रकाशन
Date of publication, distribution, etc 2023
270 ## - ADDRESS
Address ई -17, पंचशील गार्डन , नवीन शाहदरा
City दिल्ली
Postal code 110032
300 ## - PHYSICAL DESCRIPTION
Extent 132 पृ..
Dimensions 22सेमी (सजिल्द)
942 ## - ADDED ENTRY ELEMENTS (KOHA)
Source of classification or shelving scheme Dewey Decimal Classification
Item type Hindi Books
Classification part 821
Call number suffix नीरद
Holdings
Withdrawn status Lost status Not for loan Collection code Home library Current library Date acquired Source of acquisition Cost, normal purchase price Full call number Barcode Copy number Cost, replacement price Koha item type
      Non-fiction Central Jail Tihar Central Jail Tihar 13/02/2024 अद्वेत प्रकाशन/ADW-46/23/24/22.12.23/67/12.12.23/16.1.24 350.00 821 नीरद B-757483 1 350.00 Hindi Books
      Non-fiction Central Library Central Library 13/02/2024 अद्वेत प्रकाशन/ADW-46/23/24/22.12.23/67/12.12.23/16.1.24 350.00 821 नीरद B-757482 1 350.00 Hindi Books
      Non-fiction Shahdara Branch Shahdara Branch 13/02/2024 अद्वेत प्रकाशन/ADW-46/23/24/22.12.23/67/12.12.23/16.1.24 350.00 821 नीरद B-757484 1 350.00 Hindi Books

© Delhi Public Library
Hit Counter
free hit counter